000 00463nam a2200169Ia 4500
008 090711s9999 xx 000 0 und d
082 _b19316
100 _aमाण्डवकर भाऊ
245 _aकानिSारी
260 _c1966
300 _a99
600 _aमाण्डवकर भाऊ
630 _aकानिSारी
700 _aमाण्डवकर भाऊ
730 _aकानिSारी
942 _cBOOK
999 _c299498
_d299498